| 000 | 00842nam a22002777a 4500 | ||
|---|---|---|---|
| 001 | 26327 | ||
| 003 | BD-RjUL | ||
| 005 | 20211209051012.0 | ||
| 008 | 140322s1977 njua|||| b||| 00| 0 eng d | ||
| 020 | _a0134988574 | ||
| 035 | _a(BD-RjUL)26397 | ||
| 040 |
_aBD-RjUL _beng _cBD-RjUL |
||
| 041 | _aeng | ||
| 082 | 0 | 4 |
_a909 _bANA 1977 |
| 100 | 1 |
_aAntoun, Jane. _980943 |
|
| 245 | 1 | 4 |
_aThe Arab world : _bfocus on diversity / _cJane Antoun. |
| 260 |
_aEnglewood Cliffs, N.J. : _bPrentice-Hall, _c1977. |
||
| 300 |
_a134 p. : _bill., map ; _c23 cm. |
||
| 490 | _aInquiry into world cultures. | ||
| 504 | _aIncludes bibliographical references. | ||
| 651 | 0 |
_aArab countries _vHistory. _980944 |
|
| 651 | 0 |
_aCivilization, Arab. _980945 |
|
| 651 | 0 |
_aArab countries. _980946 |
|
| 830 |
_aInquiry into world cultures. _980953 |
||
| 942 |
_2ddc _cBK |
||
| 999 |
_c26327 _d26327 |
||